000 00866nac a22002051u 4500
008 100919t xxu||||| |||| 00| 0 eng d
010 _a 2003010437
020 _a081447179X
082 0 0 _a658.4
_bGAY
100 _aGaynor, Gerard H.
_919413
245 1 0 _aWhat Every New Manager Needs to Know :
_bMaking a Successful Transition to Management /
_cGerard H. Gaynor.
260 _aNew York :
_bAMACOM,
_c2004.
300 _axvi, 237 p. :
_bill. ;
_c23 cm.
504 _aIncludes bibliographical references and index.
650 0 _aManagement.
_919414
650 0 _aLeadership.
_919415
856 4 1 _3Table of contents
_uhttp://www.loc.gov/catdir/toc/ecip043/2003010437.html
942 _cBB
_k658.4 GAY
_2ddc
999 _c2507
_d2507